Bureaucratic sonata (Record no. 1545)

MARC details
000 -LEADER
campo de control de longitud fija 00415nam a2200133 4500
008 - DATOS DE LONGITUD FIJA--INFORMACIÓN GENERAL
campo de control de longitud fija 708 O77b
082 ## - NÚMERO DE LA CLASIFICACIÓN DECIMAL DEWEY
Número de clasificación 708
Número de ítem O77b
100 ## - ENTRADA PRINCIPAL--NOMBRE DE PERSONA
Nombre de persona Ortega Ayala, Raúl
9 (RLIN) 6508
245 ## - MENCIÓN DEL TÍTULO
Título Bureaucratic sonata
260 ## - PUBLICACIÓN, DISTRIBUCIÓN, ETC.
Lugar de publicación, distribución, etc. Londres
Nombre del editor, distribuidor, etc. Monosabios
Fecha de publicación, distribución, etc. 2006
300 ## - DESCRIPCIÓN FÍSICA
Extensión 60 p.
Otras características físicas ill (col)
Dimensiones 22 x 19 cm
650 ## - PUNTO DE ACCESO ADICIONAL DE MATERIA--TÉRMINO DE MATERIA
Subdivisión general arte contemporáneo
-- arte - exhibiciones
-- arte - instalaciones
-- México
9 (RLIN) 6509
700 ## - ENTRADA AGREGADA--NOMBRE PERSONAL
Nombre de persona De Luca Wilson, Rebecca (editora)
9 (RLIN) 6510
Holdings
Estatus retirado Estado de pérdida Fuente del sistema de clasificación o colocación Estado de daño No para préstamo Biblioteca de origen Biblioteca actual Ubicación en estantería Fecha de adquisición Total de préstamos Signatura topográfica completa Código de barras Visto por última vez Precio de reemplazo Tipo de ítem Koha
    Clasificación Decimal Dewey     Biblioteca LadoV Biblioteca LadoV   07/07/2018   708 O77b 000902 07/07/2018 07/07/2018 Material 01